| 000 | 00967cam a2200313 4500 | ||
|---|---|---|---|
| 001 | 1262529 | ||
| 003 | ARRUPE | ||
| 005 | 20150218174711.0 | ||
| 008 | 700814s1970 cau b 001 0 eng | ||
| 010 | _a 74075624 | ||
| 020 | _a0716704374 | ||
| 040 |
_aDLC _cDLC _dICU _dDLC |
||
| 050 | 0 | 0 |
_aQA447 _b.B56 |
| 082 | 0 | 0 | _a513 |
| 100 | 1 |
_aBlumenthal, Leonard M. _q(Leonard Mascot), _d1901- _915402 |
|
| 245 | 1 | 0 |
_aStudies in geometry _c[by] Leonard M. Blumenthal [and] Karl Menger. |
| 260 |
_aSan Francisco, _bW. H. Freeman _c1970 |
||
| 300 |
_axiv, 512 p. _c25 cm. |
||
| 350 | _a15.00 | ||
| 440 | 2 |
_aA Series of books in mathematics _915403 |
|
| 504 | _aIncludes bibliographies. | ||
| 650 | 0 |
_aGeometry. _915404 |
|
| 650 | 0 |
_aLattice theory. _915405 |
|
| 650 | 0 |
_aMetric spaces. _915406 |
|
| 650 | 0 |
_aCurves. _915407 |
|
| 700 | 1 |
_aMenger, Karl, _d1902- _ejoint author. _915408 |
|
| 906 |
_a7 _bcbc _corignew _d2 _encip _f19 _gy-gencatlg |
||
| 942 |
_2lcc _cMONOGRAPH |
||
| 999 |
_c122142 _d122142 |
||